| 000 | 00857nam a22002297a 4500 | ||
|---|---|---|---|
| 999 |
_c20835 _d20835 |
||
| 003 | AR-CdUCM | ||
| 008 | 190606b ||||| |||| 00| 0 spa d | ||
| 040 |
_aMUNICIPALIDAD PROVINCIAL DEL CUSCO _cBIBLIOTECA MUNICIPAL DEL CUSCO |
||
| 082 |
_a373.1 / _bG32 |
||
| 100 |
_aGayoso Villaflor, Judith _943509 |
||
| 245 |
_aEl problema del uso indebido de drogas : _bLa educación y la prevención / |
||
| 260 |
_aLima : _bCOPUID, _c1992. |
||
| 300 |
_a130 páginas ; _c16 cm. |
||
| 440 |
_aProyecto de educacion e informacion publica sobre drogas _943510 |
||
| 505 | _aContenido : Problema del uso indebido de drogas -- La educación y la prevención -- Adolescencia -- Autoestima... | ||
| 650 |
_aDrogas _915673 |
||
| 650 |
_aPrevención _99797 |
||
| 650 |
_aRiesgos _929241 |
||
| 700 |
_aArias, Giraldo Waldo _943511 |
||
| 942 |
_2ddc _cLIBROS |
||
| 945 | _arcc | ||